[Event "Hessen Senioren-ch 2012  8th"]
[Site "Bad Sooden-Adf. (14.4.-22.4)"]
[Date "2012.04.18"]
[Round "5.94"]
[White "Nols, Uwe"]
[Black "Klose, Hans-Peter"]
[Result "0-1"]
[WhiteElo "1171"]
[BlackElo "1442"]
[PlyCount "52"]
[EventDate "2012.04.??"]
[EventType "swiss"]
[EventRounds "9"]
[EventCountry "GER"]
[WhiteTeam "Itzehoer SV"]
[BlackTeam "Göttingen Rot-Weiß ESV"]

1. e4 c5 2. Bc4 e6 3. Nf3 g6 4. c3 Nc6 5. Bb5 Bg7 6. Bxc6 bxc6 7. d4 cxd4 8.
cxd4 Ba6 9. Nc3 Ne7 10. Ne2 O-O 11. O-O Rb8 12. Re1 f6 13. a4 Nc8 14. Ra3 Nb6
15. b3 d5 16. Bf4 Rc8 17. e5 Nd7 18. exf6 Bxf6 19. Be5 Be7 20. Qd2 Bxa3 21. Qh6
Nxe5 22. Nxe5 Qf6 23. f3 Bb4 24. Nd7 Qg7 25. Qxg7+ Kxg7 26. Nc3 Rfe8 0-1

[Event "Hessen Senioren-ch 2012  8th"]
[Site "Bad Sooden-Adf. (14.4.-22.4)"]
[Date "2012.04.18"]
[Round "5.95"]
[White "Mittelstaedt, Ewald"]
[Black "Semisch, Helga"]
[Result "1-0"]
[WhiteElo "1405"]
[BlackElo "1256"]
[PlyCount "85"]
[EventDate "2012.04.??"]
[EventType "swiss"]
[EventRounds "9"]
[EventCountry "GER"]
[WhiteTeam "München Tarrasch SC"]
[BlackTeam "Schmalkalden 04 SV"]

1. Nf3 d6 2. d4 Nf6 3. h3 Bf5 4. c3 e6 5. Bg5 h6 6. Bh4 Nbd7 7. e3 Be7 8. Nbd2
O-O 9. Be2 a6 10. Rc1 c5 11. O-O b6 12. Re1 Qc8 13. Nh2 Ra7 14. Ng4 Re8 15.
Nxf6+ Bxf6 16. Bg3 e5 17. e4 Bg6 18. d5 Bg5 19. h4 Be7 20. Bg4 Qd8 21. h5 Bh7
22. Nf3 Nf6 23. Nh2 Nxe4 24. Nf1 Nxg3 25. Nxg3 Bg5 26. Ra1 Bh4 27. Nf5 Bg5 28.
Qf3 Rf8 29. Re2 g6 30. Ng3 f5 31. hxg6 Bxg6 32. Nxf5 Rff7 33. Nxh6+ Kg7 34.
Nxf7 Rxf7 35. Qh3 Rf8 36. Be6 Rh8 37. Qg3 Bf4 38. Qg4 Rh4 39. Qf3 Rh2 40. g3
Qh8 41. gxf4 Rh4 42. fxe5 Bh5 43. Qf6+ 1-0

[Event "Hessen Senioren-ch 2012  8th"]
[Site "Bad Sooden-Adf. (14.4.-22.4)"]
[Date "2012.04.18"]
[Round "5.96"]
[White "Marinoni, Rainer"]
[Black "Hopp, Barbara Dr"]
[Result "0-1"]
[WhiteElo "1151"]
[BlackElo "1413"]
[PlyCount "64"]
[EventDate "2012.04.??"]
[EventType "swiss"]
[EventRounds "9"]
[EventCountry "GER"]
[WhiteTeam "Eschwege SC"]
[BlackTeam "Oberursel SV"]

1. e4 c5 2. Nf3 a6 3. g3 Nc6 4. Bg2 e6 5. d3 Be7 6. O-O Bf6 7. Nbd2 d6 8. c3
Nge7 9. Ne1 O-O 10. f4 Rb8 11. Ndf3 Ng6 12. Nc2 b5 13. Ng5 h6 14. Nh3 Bb7 15.
Qh5 Nce7 16. Be3 Qc8 17. Nf2 Nc6 18. Ng4 Qd8 19. Rad1 Qe7 20. Bh3 Bc8 21. Bg2
Bd7 22. f5 exf5 23. exf5 Nge5 24. Bxh6 Nxg4 25. Rde1 Nce5 26. Bf4 Qd8 27. d4
cxd4 28. cxd4 Nd3 29. Re2 Ngf2 30. Bxd6 Bxf5 31. Bxf8 Bg6 32. Qc5 Nxc5 0-1

[Event "Hessen Senioren-ch 2012  8th"]
[Site "Bad Sooden-Adf. (14.4.-22.4)"]
[Date "2012.04.18"]
[Round "5.97"]
[White "Brahn, Roswitha"]
[Black "Koehler, Marianne"]
[Result "0-1"]
[WhiteElo "1014"]
[BlackElo "1384"]
[PlyCount "46"]
[EventDate "2012.04.??"]
[EventType "swiss"]
[EventRounds "9"]
[EventCountry "GER"]
[WhiteTeam "Burghaun SG"]
[BlackTeam "Sennewitz 2011 SG"]

1. c4 Nf6 2. d3 e6 3. Nf3 Be7 4. e3 d5 5. cxd5 Nxd5 6. Nc3 Bb4 7. Bd2 c6 8. a3
Bd6 9. Be2 Nd7 10. h3 Ne5 11. O-O O-O 12. Rc1 f5 13. Re1 Nxc3 14. Bxc3 Nxf3+
15. Bxf3 Kh8 16. Bb4 Bxb4 17. axb4 e5 18. Be2 Be6 19. Qd2 Qf6 20. Rc5 Rad8 21.
Rec1 Bd5 22. b5 Qg6 23. bxc6 Qxg2# 0-1

[Event "Hessen Senioren-ch 2012  8th"]
[Site "Bad Sooden-Adf. (14.4.-22.4)"]
[Date "2012.04.18"]
[Round "5.98"]
[White "Stuiber, Ingeborg"]
[Black "Stratmann, Alois"]
[Result "0-1"]
[WhiteElo "982"]
[BlackElo "1382"]
[PlyCount "36"]
[EventDate "2012.04.??"]
[EventType "swiss"]
[EventRounds "9"]
[EventCountry "GER"]
[WhiteTeam "Euskirchen SK"]
[BlackTeam "Ahlen 1954 SV"]

1. d4 Nf6 2. e3 e6 3. Bd3 b6 4. Nf3 Bb7 5. O-O c5 6. c4 Qc7 7. Ne5 Bd6 8. f4
Be7 9. Nc3 a6 10. Qe2 d6 11. Nf3 Nbd7 12. e4 cxd4 13. Nxd4 Nc5 14. Bc2 O-O 15.
b4 Ncd7 16. Nf3 Rac8 17. Be3 Qxc4 18. Qd2 Qxc3 0-1

[Event "Hessen Senioren-ch 2012  8th"]
[Site "Bad Sooden-Adf. (14.4.-22.4)"]
[Date "2012.04.18"]
[Round "5.99"]
[White "Van Houten, Henk"]
[Black "Fister, Horst-Lothar"]
[Result "1-0"]
[WhiteElo "1464"]
[BlackElo "1273"]
[PlyCount "68"]
[EventDate "2012.04.??"]
[EventType "swiss"]
[EventRounds "9"]
[EventCountry "GER"]
[WhiteTeam "Gronau 1920 SC"]
[BlackTeam "Werther 1949 SK"]

1. e4 d6 2. Nf3 Nf6 3. Nc3 c6 4. d4 Bg4 5. Be2 e6 6. O-O Be7 7. h3 Bxf3 8. Bxf3
O-O 9. Bf4 Nbd7 10. Qe2 e5 11. dxe5 dxe5 12. Be3 Qc7 13. Rad1 Nc5 14. a4 Rfd8
15. Qc4 Ne6 16. g3 a6 17. b4 Qc8 18. Bb6 Rxd1 19. Rxd1 Ng5 20. Bg2 h6 21. g4
Qe6 22. Qxe6 Nxe6 23. Na2 Rc8 24. c3 c5 25. bxc5 Nxc5 26. Bxc5 Rxc5 27. Rb1 b5
28. axb5 Rxb5 29. Rxb5 axb5 30. f3 Nd7 31. Bf1 b4 32. cxb4 Bd8 33. Kf2 Bb6+ 34.
Ke2 Bd4 1-0

[Event "Hessen Senioren-ch 2012  8th"]
[Site "Bad Sooden-Adf. (14.4.-22.4)"]
[Date "2012.04.18"]
[Round "5.100"]
[White "Papapostolou, Christos"]
[Black "Lenk, Wolfgang"]
[Result "0-1"]
[WhiteElo "1933"]
[BlackElo "2022"]
[PlyCount "72"]
[EventDate "2012.04.??"]
[EventType "swiss"]
[EventRounds "9"]
[EventCountry "GER"]
[WhiteTeam "Bad Sooden-Allendorf SK"]
[BlackTeam "Dresden TU USV"]

1. d4 Nf6 2. c4 g6 3. Nc3 Bg7 4. Bg5 h6 5. Bh4 O-O 6. e4 c5 7. d5 Qa5 8. Bd3 d6
9. Nge2 Nbd7 10. O-O Ne5 11. f4 Nxd3 12. Qxd3 Qd8 13. h3 Nh7 14. Qe3 f6 15. e5
g5 16. exd6 exd6 17. fxg5 fxg5 18. Bg3 Bf5 19. Rae1 Qd7 20. Nb5 Rae8 21. Qb3
Be5 22. Nxa7 Nf6 23. Bxe5 Rxe5 24. Ng3 Rxe1 25. Rxe1 g4 26. Rf1 Bg6 27. Qe3 Qg7
28. h4 Re8 29. Qf4 Ne4 30. Nxe4 Rxe4 31. Qf6 Rxc4 32. Nc8 Bd3 33. Qe6+ Kh7 34.
Rf7 Rc1+ 35. Kh2 g3+ 36. Kh3 Rh1# 0-1

[Event "Hessen Senioren-ch 2012  8th"]
[Site "Bad Sooden-Adf. (14.4.-22.4)"]
[Date "2012.04.18"]
[Round "5.101"]
[White "Groener, Marga"]
[Black "Fritsche, Rainer"]
[Result "1-0"]
[WhiteElo "1333"]
[BlackElo "1344"]
[PlyCount "49"]
[EventDate "2012.04.??"]
[EventType "swiss"]
[EventRounds "9"]
[EventCountry "GER"]
[WhiteTeam "Freibauer Wedemark"]
[BlackTeam "Kasseler 1876 SK"]

1. d4 d5 2. Bf4 Nf6 3. e3 e6 4. Bd3 Bd6 5. Bxd6 Qxd6 6. Nf3 Nc6 7. c3 O-O 8.
Nbd2 Re8 9. O-O h6 10. h3 a6 11. Bc2 b5 12. e4 Qd8 13. e5 Nd7 14. Re1 Nf8 15.
Nh2 Re7 16. Re3 g6 17. Ng4 Kg7 18. Nf6 Nb8 19. Nf1 Ra7 20. Rg3 Bd7 21. Qd2 Be8
22. Nh5+ Kh7 23. Nf6+ Kg7 24. Nh2 g5 25. h4 1-0

[Event "Hessen Senioren-ch 2012  8th"]
[Site "Bad Sooden-Adf. (14.4.-22.4)"]
[Date "2012.04.18"]
[Round "5.102"]
[White "Bartl, Birgit"]
[Black "Kage, August"]
[Result "0-1"]
[WhiteElo "1096"]
[BlackElo "1346"]
[PlyCount "44"]
[EventDate "2012.04.??"]
[EventType "swiss"]
[EventRounds "9"]
[EventCountry "GER"]
[WhiteTeam "Erfurt USV"]
[BlackTeam "Göttingen Rot-Weiß ESV"]

1. d4 Nf6 2. Nf3 g6 3. e3 Bg7 4. c3 O-O 5. Bd3 d6 6. h3 Nbd7 7. O-O Re8 8. Nbd2
e5 9. e4 d5 10. Re1 c6 11. Rb1 Nh5 12. Nb3 Nf4 13. Bxf4 exf4 14. exd5 cxd5 15.
Qc2 Nf6 16. Rxe8+ Nxe8 17. Re1 b6 18. Qd2 Bh6 19. Qe2 Be6 20. Nbd2 Qc8 21. Ne5
Ng7 22. f3 Nh5 0-1

[Event "Hessen Senioren-ch 2012  8th"]
[Site "Bad Sooden-Adf. (14.4.-22.4)"]
[Date "2012.04.18"]
[Round "5.103"]
[White "Graffenberger, Marianne"]
[Black "Stark, Werner(51)"]
[Result "1-0"]
[WhiteElo "1129"]
[BlackElo "1084"]
[PlyCount "49"]
[EventDate "2012.04.??"]
[EventType "swiss"]
[EventRounds "9"]
[EventCountry "GER"]
[WhiteTeam "Hamburger SK"]
[BlackTeam "Königstein/Schwalbach Sfr."]

1. e4 e5 2. Nf3 Nc6 3. d4 exd4 4. Nxd4 Nxd4 5. Qxd4 d6 6. Nc3 c5 7. Bb5+ Bd7 8.
Bxd7+ Qxd7 9. Qd1 g6 10. O-O Bg7 11. Re1 Ne7 12. Nd5 O-O 13. c3 b6 14. Bf4 f6
15. Nxe7+ Kh8 16. Qxd6 Qxd6 17. Bxd6 Rfd8 18. Rad1 Bf8 19. e5 Bxe7 20. Bxe7
Rxd1 21. Bxf6+ Kg8 22. Rxd1 Kf7 23. Rd7+ Kg8 24. Rg7+ Kh8 25. Rxa7+ 1-0

[Event "Hessen Senioren-ch 2012  8th"]
[Site "Bad Sooden-Adf. (14.4.-22.4)"]
[Date "2012.04.19"]
[Round "6.1"]
[White "Haubt, Georg"]
[Black "Szenetra, Werner"]
[Result "0-1"]
[WhiteElo "2189"]
[BlackElo "2088"]
[PlyCount "42"]
[EventDate "2012.04.??"]
[EventType "swiss"]
[EventRounds "9"]
[EventCountry "GER"]
[WhiteTeam "Oberursel SV"]
[BlackTeam "Rastatt SC"]

1. e4 d6 2. d4 g6 3. Nc3 Bg7 4. f4 a6 5. Nf3 b5 6. Bd3 Nd7 7. Be3 Bb7 8. a3 c5
9. O-O Ngf6 10. d5 Ng4 11. Bd2 c4 12. Be2 Qb6+ 13. Kh1 Nf2+ 14. Rxf2 Qxf2 15.
Be1 Qb6 16. Bh4 Bf6 17. Qe1 Qe3 18. Ng5 Qxf4 19. g3 Qe3 20. Nd1 Qb6 21. Nf2 h6
0-1

[Event "Hessen Senioren-ch 2012  8th"]
[Site "Bad Sooden-Adf. (14.4.-22.4)"]
[Date "2012.04.19"]
[Round "6.2"]
[White "Knaak, Joachim"]
[Black "Ljubarskij, Juri"]
[Result "1/2-1/2"]
[WhiteElo "2099"]
[BlackElo "2168"]
[PlyCount "102"]
[EventDate "2012.04.??"]
[EventType "swiss"]
[EventRounds "9"]
[EventCountry "GER"]
[WhiteTeam "Dresden-Leuben SV"]
[BlackTeam "Hannover 96 Schach"]

1. d4 d5 2. c4 c6 3. Nc3 Nf6 4. Nf3 e6 5. e3 Nbd7 6. Bd3 dxc4 7. Bxc4 b5 8. Bd3
a6 9. e4 c5 10. d5 exd5 11. e5 Ng4 12. Bg5 f6 13. exf6 gxf6 14. Bf4 Qe7+ 15.
Be2 d4 16. Nd5 Qe4 17. Nc7+ Kf7 18. Bg3 Ra7 19. Nd2 Qe7 20. Nd5 Qe6 21. Nf4 Qe7
22. O-O Nde5 23. Re1 Qd7 24. h3 Nh6 25. a4 c4 26. axb5 axb5 27. Rxa7 Qxa7 28.
Nf3 Nc6 29. Qc1 Qc5 30. Nd2 Bf5 31. Nxc4 Bg6 32. Nd2 Ne5 33. Qxc5 Bxc5 34. Nxg6
Nxg6 35. Bxb5 Kg7 36. Rc1 Bb6 37. Rc6 Bd8 38. Rd6 Nf5 39. Rd7+ Kh6 40. Bh2 Ba5
41. Nf3 Rc8 42. g4 Rc1+ 43. Kg2 Ngh4+ 44. Nxh4 Nxh4+ 45. Kg3 Ng6 46. Kf3 Rb1
47. Rxd4 Rxb2 48. Bf1 Bb6 49. Bf4+ Nxf4 50. Rxf4 Rxf2+ 51. Ke4 Kg5 1/2-1/2

[Event "Hessen Senioren-ch 2012  8th"]
[Site "Bad Sooden-Adf. (14.4.-22.4)"]
[Date "2012.04.19"]
[Round "6.3"]
[White "Franck, Rudolf"]
[Black "Hassenrueck, Helmut"]
[Result "1-0"]
[WhiteElo "2064"]
[BlackElo "2151"]
[PlyCount "81"]
[EventDate "2012.04.??"]
[EventType "swiss"]
[EventRounds "9"]
[EventCountry "GER"]
[WhiteTeam "Ellwangen SC"]
[BlackTeam "Gladbeck 19/23 SG"]

1. d4 Nf6 2. e3 d5 3. f4 Bf5 4. Nf3 c5 5. Bd3 Bxd3 6. cxd3 e6 7. dxc5 Bxc5 8.
d4 Be7 9. Qa4+ Nc6 10. Ne5 Qb6 11. Nc3 O-O 12. O-O Rac8 13. Rb1 Rfd8 14. Bd2
Ne8 15. Rfc1 Nd6 16. b3 a6 17. Ne2 Qa7 18. Nxc6 Rxc6 19. Rxc6 bxc6 20. Rc1 c5
21. Rxc5 Ne4 22. Rc2 Nxd2 23. Rxd2 Rc8 24. b4 g5 25. a3 gxf4 26. Nxf4 Bg5 27.
Qd1 Kh8 28. Qf3 Rc3 29. Re2 Qe7 30. g3 Rxa3 31. Rc2 Qd7 32. Qg4 Bd8 33. Nh5 f5
34. Qf4 Ra1+ 35. Kg2 Kg8 36. Qh6 e5 37. dxe5 d4 38. Rc8 Ra2+ 39. Kh3 Kf7 40.
Qxh7+ Ke6 41. Nf4+ 1-0

[Event "Hessen Senioren-ch 2012  8th"]
[Site "Bad Sooden-Adf. (14.4.-22.4)"]
[Date "2012.04.19"]
[Round "6.4"]
[White "Zunker, Reinhard Dr"]
[Black "Kierzek, Matthias Dr"]
[Result "1/2-1/2"]
[WhiteElo "2030"]
[BlackElo "2138"]
[PlyCount "90"]
[EventDate "2012.04.??"]
[EventType "swiss"]
[EventRounds "9"]
[EventCountry "GER"]
[WhiteTeam "Hofheim 1920 SV"]
[BlackTeam "Fulda SC"]

1. e4 c6 2. d4 d5 3. e5 Bf5 4. Nf3 e6 5. Be2 c5 6. O-O Nc6 7. c3 cxd4 8. cxd4
Nge7 9. Na3 Nc8 10. Nc2 Be7 11. Bd3 Bxd3 12. Qxd3 Nb6 13. b3 Rc8 14. Bd2 Nd7
15. Rac1 O-O 16. Rfe1 Re8 17. g3 Nf8 18. h4 h6 19. Kg2 Qb6 20. a3 Na5 21. Nb4
Nc6 22. Nxc6 Rxc6 23. Rxc6 Qxc6 24. Rc1 Qd7 25. b4 Rc8 26. Rxc8 Qxc8 27. Qc3
Qxc3 28. Bxc3 b5 29. Ne1 h5 30. f4 Nd7 31. Nd3 Nb6 32. Bd2 Nc4 33. Bc1 g6 34.
Kf3 Kf8 35. Ke2 Ke8 36. Nc5 Nb6 37. Nb3 Bd8 38. Kd3 Nc8 39. Bd2 Kd7 40. Bc1 Nb6
41. Bd2 Nc4 42. Bc1 a5 43. Nc5+ Kc6 44. Kc3 Be7 45. Nd3 axb4+ 1/2-1/2

[Event "Hessen Senioren-ch 2012  8th"]
[Site "Bad Sooden-Adf. (14.4.-22.4)"]
[Date "2012.04.19"]
[Round "6.5"]
[White "Weyrauch, Erich"]
[Black "Lindner, Jan Joost"]
[Result "1/2-1/2"]
[WhiteElo "1989"]
[BlackElo "2105"]
[PlyCount "89"]
[EventDate "2012.04.??"]
[EventType "swiss"]
[EventRounds "9"]
[EventCountry "GER"]
[WhiteTeam "Letmathe SV"]
[BlackTeam "NED (Niederlande)"]
[BlackTeamCountry "NED"]

1. e4 e6 2. d4 d5 3. Nc3 Bb4 4. e5 c5 5. a3 Bxc3+ 6. bxc3 Qa5 7. Bd2 Qa4 8. Nf3
b6 9. Bd3 Ba6 10. O-O Bxd3 11. cxd3 Qa6 12. dxc5 bxc5 13. Be3 Nd7 14. d4 c4 15.
Qc2 h6 16. a4 Ne7 17. Bc1 O-O 18. Ba3 Rae8 19. a5 f6 20. Qa4 Qc8 21. Bd6 Rf7
22. Rab1 Qc6 23. Qb5 fxe5 24. Bxe5 Qxb5 25. Rxb5 Ng6 26. Bg3 Nf6 27. Nd2 Nh5
28. Re1 Nhf4 29. Re3 Ree7 30. a6 Rc7 31. Bxf4 Nxf4 32. Nf3 Rc6 33. g3 Nd3 34.
Ne5 Nxe5 35. Rxe5 Rxa6 36. f4 g6 37. Kg2 Kg7 38. Rb8 Rf5 39. Re3 g5 40. fxg5
Rxg5 41. h4 Rg6 42. Rb7+ Kg8 43. Rb8+ Kh7 44. Rf3 Ra3 45. h5 1/2-1/2

[Event "Hessen Senioren-ch 2012  8th"]
[Site "Bad Sooden-Adf. (14.4.-22.4)"]
[Date "2012.04.19"]
[Round "6.6"]
[White "Ripoll, Luis"]
[Black "Lang, Ferdinand(49)"]
[Result "0-1"]
[WhiteElo "1813"]
[BlackElo "2051"]
[PlyCount "116"]
[EventDate "2012.04.??"]
[EventType "swiss"]
[EventRounds "9"]
[EventCountry "GER"]
[WhiteTeam "Lister Turm SK"]
[BlackTeam "Bad Wimpfen SC"]

1. e4 e5 2. Nf3 Nc6 3. Bb5 a6 4. Ba4 Nf6 5. O-O Be7 6. Re1 b5 7. Bb3 O-O 8. d3
d6 9. c3 Na5 10. Bc2 c5 11. Nbd2 Qc7 12. Nf1 Nc6 13. h3 Re8 14. Bg5 Be6 15.
Bxf6 Bxf6 16. Ne3 g6 17. Bb3 Rad8 18. Nd5 Bxd5 19. Bxd5 Ne7 20. Qb3 Nxd5 21.
Qxd5 Qd7 22. b3 Rb8 23. c4 Kg7 24. Rad1 b4 25. Kh2 Rb6 26. Rg1 Qe7 27. g3 h6
28. Kg2 Kh7 29. Rh1 a5 30. h4 Kg7 31. Nh2 Ra6 32. Ng4 Rea8 33. h5 Bg5 34. hxg6
fxg6 35. Rhe1 a4 36. Rb1 axb3 37. axb3 Ra2 38. Re2 h5 39. Rxa2 Rxa2 40. Nh2 Qf6
41. Nf3 Be3 42. Rf1 g5 43. Qb7+ Kh6 44. Qd7 g4 45. Kg1 Rxf2 46. Rxf2 Bxf2+ 47.
Kxf2 Qxf3+ 48. Ke1 Qxg3+ 49. Kd2 Qf2+ 50. Kd1 Qf6 51. Ke1 Kg5 52. Qe8 g3 53.
Qg8+ Kf4 54. Ke2 h4 55. Qc8 Qg6 56. Qf8+ Kg5 57. Qd8+ Qf6 58. Qg8+ Kf4 0-1

[Event "Hessen Senioren-ch 2012  8th"]
[Site "Bad Sooden-Adf. (14.4.-22.4)"]
[Date "2012.04.19"]
[Round "6.7"]
[White "Raedeker, Bernd"]
[Black "Lenk, Wolfgang"]
[Result "1-0"]
[WhiteElo "2059"]
[BlackElo "2022"]
[PlyCount "79"]
[EventDate "2012.04.??"]
[EventType "swiss"]
[EventRounds "9"]
[EventCountry "GER"]
[WhiteTeam "Stuttgarter SF"]
[BlackTeam "Dresden TU USV"]

1. d4 Nf6 2. c4 g6 3. Nc3 Bg7 4. e4 d6 5. h3 O-O 6. Bg5 c6 7. Nf3 Nbd7 8. Qd2
Qa5 9. Be2 e5 10. O-O Re8 11. d5 cxd5 12. cxd5 a6 13. Rab1 Nf8 14. b4 Qd8 15.
b5 axb5 16. Bxb5 Bd7 17. Bd3 Ra3 18. Rxb7 Qa5 19. Rb3 Rc8 20. Rxa3 Qxa3 21. Nb1
Qa4 22. Nc3 Qa3 23. Rc1 Nh5 24. Ne2 Rxc1+ 25. Nxc1 f6 26. Be3 f5 27. Qc2 fxe4
28. Bxe4 Nf6 29. Nd2 Nxe4 30. Nxe4 Bf5 31. g4 Bxe4 32. Qxe4 Nd7 33. Qc4 Bf8 34.
Qc8 Qa4 35. Kh2 Kf7 36. Qc6 Nc5 37. Nd3 Qe4 38. Nxc5 dxc5 39. Qe6+ Kg7 40. d6
1-0

[Event "Hessen Senioren-ch 2012  8th"]
[Site "Bad Sooden-Adf. (14.4.-22.4)"]
[Date "2012.04.19"]
[Round "6.8"]
[White "Ugolyk, Vitaliy"]
[Black "Petzold, Hans ProfDr"]
[Result "1-0"]
[WhiteElo "2210"]
[BlackElo "1996"]
[PlyCount "78"]
[EventDate "2012.04.??"]
[EventType "swiss"]
[EventRounds "9"]
[EventCountry "GER"]
[WhiteTeam "Fulda SC"]
[BlackTeam "Dresden TU USV"]

1. d4 e6 2. c4 Nf6 3. Nc3 Bb4 4. Bg5 h6 5. Bh4 b6 6. f3 Bb7 7. e4 g5 8. Bf2
Bxc3+ 9. bxc3 Qe7 10. Bd3 d6 11. Ne2 Nbd7 12. Be3 Nh5 13. Qd2 e5 14. g3 f5 15.
exf5 Bxf3 16. Rf1 e4 17. Bc2 Qf7 18. Ng1 g4 19. Nxf3 exf3 20. Bd3 Nhf6 21.
O-O-O h5 22. Qc2 a6 23. Rde1 O-O 24. Bh6 Rfe8 25. Qd2 Kh7 26. Re6 b5 27. cxb5
axb5 28. Bg5 d5 29. Bxf6 Nxf6 30. Qg5 Qg7 31. Qxf6 Qxf6 32. Rxf6 Rxa2 33. Re6
Rea8 34. f6+ Kg8 35. Bg6 Rf8 36. Bc2 Kf7 37. Re5 Kxf6 38. Rfe1 Rf7 39. Rxh5 Ra8
1-0

[Event "Hessen Senioren-ch 2012  8th"]
[Site "Bad Sooden-Adf. (14.4.-22.4)"]
[Date "2012.04.19"]
[Round "6.9"]
[White "Piankov, Evgenij"]
[Black "Romanow, Werner"]
[Result "1-0"]
[WhiteElo "2271"]
[BlackElo "1961"]
[PlyCount "61"]
[EventDate "2012.04.??"]
[EventType "swiss"]
[EventRounds "9"]
[EventCountry "GER"]
[WhiteTeam "UKR (Ukraine)"]
[BlackTeam "Merseburg SV"]
[WhiteTeamCountry "UKR"]

1. d4 c5 2. c3 cxd4 3. cxd4 d5 4. Nc3 Nf6 5. Bf4 Nc6 6. Nf3 Bf5 7. e3 a6 8. Be2
e6 9. O-O h6 10. Qb3 Na5 11. Qa4+ b5 12. Nxb5 axb5 13. Bxb5+ Nd7 14. Ne5 Ra7
15. Nxd7 Nc6 16. Qb3 Kxd7 17. Rfc1 Ke7 18. Rxc6 Kf6 19. Bd3 Qa8 20. Rac1 Rb7
21. Be5+ Kg5 22. f4+ Kh5 23. Qd1+ Bg4 24. Be2 Bxe2 25. Qxe2+ Kg6 26. Qc2+ Kh5
27. f5 Qxa2 28. Qe2+ Kg5 29. Qf3 Rxb2 30. Qf4+ Kh5 31. g4+ 1-0

[Event "Hessen Senioren-ch 2012  8th"]
[Site "Bad Sooden-Adf. (14.4.-22.4)"]
[Date "2012.04.19"]
[Round "6.10"]
[White "Limberg, Siegfried"]
[Black "Van den Berg, Ad"]
[Result "1-0"]
[WhiteElo "1980"]
[BlackElo "1998"]
[PlyCount "53"]
[EventDate "2012.04.??"]
[EventType "swiss"]
[EventRounds "9"]
[EventCountry "GER"]
[WhiteTeam "Königstein/Schwalbach Sfr."]
[BlackTeam "NED/Philidor Leiden"]
[BlackTeamCountry "NED"]

1. d4 d6 2. c4 e5 3. e3 Nf6 4. Nc3 Nbd7 5. Bd3 g6 6. Nge2 Bg7 7. O-O O-O 8. Rb1
Re8 9. b4 h5 10. Qb3 e4 11. Bc2 h4 12. f3 exf3 13. Rxf3 Nf8 14. h3 Ne6 15. e4
Nh7 16. Be3 Neg5 17. Rff1 c6 18. Nf4 Nf6 19. Nxg6 Nfxe4 20. Nxe4 Nxe4 21. Nf4
Ng3 22. Rf3 Qe7 23. Bf2 Qg5 24. Bxg3 hxg3 25. Rxg3 Qxf4 26. Qd3 f5 27. Rf1 1-0

[Event "Hessen Senioren-ch 2012  8th"]
[Site "Bad Sooden-Adf. (14.4.-22.4)"]
[Date "2012.04.19"]
[Round "6.11"]
[White "Bakhmatov, Eduard"]
[Black "Nagorni, Walter"]
[Result "1-0"]
[WhiteElo "2198"]
[BlackElo "1905"]
[PlyCount "59"]
[EventDate "2012.04.??"]
[EventType "swiss"]
[EventRounds "9"]
[EventCountry "GER"]
[WhiteTeam "Hattingen SV"]
[BlackTeam "Lister Turm SK"]

1. e4 c5 2. Nf3 Nc6 3. d4 cxd4 4. Nxd4 g6 5. Nc3 Bg7 6. Nde2 Nf6 7. g3 O-O 8.
Bg2 d6 9. O-O Bg4 10. h3 Bxe2 11. Nxe2 Rc8 12. Be3 Qa5 13. c3 b5 14. Qd2 Ne5
15. b3 Qc7 16. Rac1 a5 17. Nd4 Qb8 18. f4 Ned7 19. e5 dxe5 20. Nc6 Rxc6 21.
Bxc6 exf4 22. gxf4 Nb6 23. c4 Rd8 24. Qxa5 Rd6 25. Qxb5 Qc8 26. Bg2 Nbd7 27.
Rcd1 Re6 28. Rfe1 Qc7 29. Qb7 Qa5 30. Qc8+ 1-0

[Event "Hessen Senioren-ch 2012  8th"]
[Site "Bad Sooden-Adf. (14.4.-22.4)"]
[Date "2012.04.19"]
[Round "6.12"]
[White "Peleikis, Horst"]
[Black "Liebert, Heinz"]
[Result "1/2-1/2"]
[WhiteElo "1973"]
[BlackElo "2155"]
[PlyCount "33"]
[EventDate "2012.04.??"]
[EventType "swiss"]
[EventRounds "9"]
[EventCountry "GER"]
[WhiteTeam "Lister Turm SK"]
[BlackTeam "Halle Volksbank USV"]

1. e4 c5 2. Nf3 Nc6 3. d4 cxd4 4. Nxd4 g6 5. c4 Bg7 6. Be3 d6 7. Nc3 Nf6 8. Be2
O-O 9. O-O Bd7 10. Rc1 Nxd4 11. Bxd4 Bc6 12. Qd2 a5 13. b3 Nd7 14. Bxg7 Kxg7
15. Qd4+ Kg8 16. Rcd1 Qb6 17. Nd5 1/2-1/2

[Event "Hessen Senioren-ch 2012  8th"]
[Site "Bad Sooden-Adf. (14.4.-22.4)"]
[Date "2012.04.19"]
[Round "6.13"]
[White "Reinhold, Klaus Dr(44)"]
[Black "Pape, Manfred(43)"]
[Result "1/2-1/2"]
[WhiteElo "1952"]
[BlackElo "2098"]
[PlyCount "107"]
[EventDate "2012.04.??"]
[EventType "swiss"]
[EventRounds "9"]
[EventCountry "GER"]
[WhiteTeam "Gronau 1920 SC"]
[BlackTeam "Bad Harzburg SK"]

1. d4 Nf6 2. c4 g6 3. Nc3 Bg7 4. e4 d6 5. f4 O-O 6. Nf3 c5 7. d5 e6 8. Be2 exd5
9. exd5 Bf5 10. O-O Na6 11. Bd3 Qd7 12. a3 Rfe8 13. Qc2 Re7 14. Bd2 Rae8 15.
Rae1 Rxe1 16. Rxe1 Bxd3 17. Qxd3 Nc7 18. Rxe8+ Ncxe8 19. f5 gxf5 20. Be1 Ng4
21. Bg3 Ne5 22. Qe2 Nxf3+ 23. Qxf3 a6 24. Bh4 Bd4+ 25. Kf1 Ng7 26. Bg5 Qe8 27.
Bf4 Be5 28. h4 f6 29. g3 Qg6 30. Ne2 Nh5 31. b3 Kf7 32. b4 b6 33. bxc5 bxc5 34.
Qb3 Qg4 35. Qb7+ Kg6 36. Bxe5 Qf3+ 37. Ke1 dxe5 38. Qe7 Nxg3 39. Qe8+ Kh6 40.
Qf8+ Kh5 41. Qf7+ Kxh4 42. Qxh7+ Nh5 43. d6 Qd3 44. d7 Qd6 45. Qf7 Qb6 46. Qe8
Ng7 47. Qh8+ Nh5 48. d8=Q f4 49. Qde8 Qb1+ 50. Kf2 Qf5 51. Qhg8 e4 52. Qg1 e3+
53. Kf3 Qh3+ 54. Ke4 1/2-1/2

[Event "Hessen Senioren-ch 2012  8th"]
[Site "Bad Sooden-Adf. (14.4.-22.4)"]
[Date "2012.04.19"]
[Round "6.14"]
[White "Krebs, Dietmar(44)"]
[Black "Krotofil, Kurt"]
[Result "1/2-1/2"]
[WhiteElo "1950"]
[BlackElo "1880"]
[PlyCount "77"]
[EventDate "2012.04.??"]
[EventType "swiss"]
[EventRounds "9"]
[EventCountry "GER"]
[WhiteTeam "Kölner Dr. Lasker SK"]
[BlackTeam "Hamburg Niendorfer TSV"]

1. e4 c5 2. Nf3 Nc6 3. Bb5 g6 4. O-O Bg7 5. c3 Nf6 6. Re1 O-O 7. d4 d5 8. exd5
Qxd5 9. dxc5 Qxd1 10. Rxd1 Bg4 11. Nbd2 Rfd8 12. Re1 Nd5 13. h3 Bxf3 14. Nxf3
Nxc3 15. Bxc6 bxc6 16. Bg5 Nd5 17. Bxe7 Rdb8 18. Bd6 Rxb2 19. Ne5 Rc2 20. Rab1
Re8 21. Nxc6 Rxe1+ 22. Rxe1 f5 23. a3 Bb2 24. Nb4 Nxb4 25. axb4 Bc3 26. Re8+
Kf7 27. Re7+ Kf6 28. Rxa7 Bxb4 29. Rxh7 Bxc5 30. Bxc5 Rc1+ 31. Kh2 Rxc5 32. h4
Rc3 33. f3 Ra3 34. Kg3 Ra2 35. Rb7 Rc2 36. Rb6+ Kg7 37. Kh3 Ra2 38. g4 fxg4+
39. fxg4 1/2-1/2